000 00380nam a2200145Ia 4500
008 231129s1976||||xx |||||||||||||| ||spa||
020 _a84-399-4852-2
040 _bspa
082 _a500.1 M538i
100 _aMendez Santiago Alonso
245 0 _aIntroduccion a las ciencias
260 _c1976
264 _aM.E.L.S.A.
942 _2ddc
_cBKS
999 _c15923
_d15923